[Event "Constantine Happy New Year"]
[Site "Constantine"]
[Date "2014.01.15"]
[Round "3.1"]
[White "Seraoui, Mohcen"]
[Black "Soufi, Khaled"]
[Result "1-0"]
[WhiteElo "2139"]
[BlackElo "2173"]
[PlyCount "89"]
[EventDate "2014.01.14"]
[EventType "tourn"]
[EventRounds "10"]
[EventCountry "ALG"]
[SourceTitle "EXT 2024"]
[Source "ChessBase"]
[SourceDate "2023.10.10"]
[SourceVersion "1"]
[SourceVersionDate "2023.10.10"]
[SourceQuality "1"]

1. e4 d6 2. d4 Nf6 3. Nc3 g6 4. Nf3 Bg7 5. h3 0-0 6. Be3 c6 7. a4 e5 8. dxe5 dxe5 9. Bc4 Qc7 10. 0-0 Nbd7 11. Qd2 Nb6 12. Bb3 Qe7 13. Qe2 Be6 14. Bxe6 Qxe6 15. a5 Nbd7 16. Ng5 Qe7 17. Qc4 Rfc8 18. Rfd1 h6 19. Nf3 Bf8 20. Nh4 Qb4 21. Qa2 Rd8 22. Nxg6 Nxe4 23. Rd3 Nxc3 24. bxc3 Qe4 25. Nxf8 Nxf8 26. Qb2 Ng6 27. f3 Qc4 28. Qxb7 Rdb8 29. Qd7 Rb2 30. Bxh6 Rxc2 31. Rd6 Nf8 32. Bxf8 Rxf8 33. Rxc6 Qh4 34. Rf1 Qg3 35. Qg4+ Qxg4 36. fxg4 Rb8 37. Kh2 Rbb2 38. Rg1 Kg7 39. Rc7 a6 40. Re7 Rxc3 41. Rxe5 Rc6 42. h4 Ra2 43. Rf5 Ra4 44. Rgf1 f6 45. R1f4 1-0